Selected poems (Record no. 4478)
[ view plain ]
| 000 -LEADER | |
|---|---|
| fixed length control field | 00301cam a2200133ua 4500 |
| 001 - CONTROL NUMBER | |
| control field | 5300 |
| 005 - DATE AND TIME OF LATEST TRANSACTION | |
| control field | 20260515113847.0 |
| 008 - FIXED-LENGTH DATA ELEMENTS--GENERAL INFORMATION | |
| fixed length control field | 120306n ii |||gr||||Z||||||eng |
| 040 ## - CATALOGING SOURCE | |
| Transcribing agency | MAIN |
| 100 ## - MAIN ENTRY--PERSONAL NAME | |
| Personal name | Arnold, Mathew, |
| Relator term | Author, |
| 245 11 - TITLE STATEMENT | |
| Title | Selected poems |
| Statement of responsibility, etc. | by Mathew Arnold |
| 250 ## - EDITION STATEMENT | |
| Edition statement | 1st. |
| 942 ## - ADDED ENTRY ELEMENTS (KOHA) | |
| Koha item type | Books |
| Withdrawn status | Lost status | Damaged status | Not for loan | Home library | Current library | Shelving location | Date acquired | Total checkouts | Full call number | Barcode | Date last seen | Copy number | Price effective from | Koha item type |
|---|---|---|---|---|---|---|---|---|---|---|---|---|---|---|
| Naharkatiya College Library | Naharkatiya College Library | General stacks | 09/19/2020 | ARN | 4681 | 09/19/2020 | 1 | 09/19/2020 | Books |